00587nam a2200121Ia 4500008004100000100002200041245010000063245016400163260005300327260000900380650001500389856006100404170221s9999 xx 000 0 und d aDiana F. Kajumova 4aThe Research of the Effectiveness of the Program on Formation of Patriotic Qualities of Pupils  cDiana F. Kajumova, Oxana V. Khasanova, Diana I. Khripkova, Aida G. Sadykova, Astrid V. Sharipova, Elmira M. Vildanova, Marina A. Zaichenko, Julia N. Ziatdinova bInternational Review of Management and Marketing c2013 xMarketing. uhttp://www.econjournals.com/index.php/irmm/issue/view/71